Magie et médecine.

Saved in:
Bibliographic Details
Main Author: Bayle, Jean Christian.
Corporate Author: Julio Mario Santo Domingo Collection.
Format: Book
Language:French
Published: Paris, La Table ronde, [1953]
Subjects:
Tags: Add Tag
No Tags, Be the first to tag this record!
LEADER 00733nam a2200265I 4500
001 005994485-4
005 20150226113759.0
008 860522s1953 fr b 000 0 fre c
010 |a a 55008203  
035 0 |a ocm13619607 
040 |a Harvard Univ. Library  |c JHW  |d HMS 
090 |a R133  |b .B38 1953 
100 1 |a Bayle, Jean Christian. 
245 1 0 |a Magie et médecine. 
260 |a Paris,  |b La Table ronde,  |c [1953] 
300 |a 255 p.  |c 20 cm. 
504 |a Bibliography: p. [251]-252. 
650 0 |a Medicine, Magic, mystic, and spagiric. 
650 0 |a Magic. 
650 0 |a Occultism. 
650 0 |a Medicine. 
710 2 |a Julio Mario Santo Domingo Collection.  |5 wid 
899 |a GIFT_415_SANTOD 
988 |a 20020608 
906 |0 MH